00436 a2200145 4500020000800000040001400008082001000022100004900032245011700081260004000198300000800238650002100246942000800267999001500275 aS/N aULA-LD-MS a658.3 91102aDA SILVA, Salvador Izalino Boaventura  aO Papel do ld̕er na motivaȯ̂ e satisfaȯ̂ dos Funcionr̀ios - um estudo na empresa pb͠lica ENDE-EP-Luanda aLuandabUniversidade Lusa̕dac2019 a93p aRecursos Humanos cTFC c2279d2279